ARRUPE JESUIT UNIVERSITY

CORONAVIRUS -STOP THE SPREAD - CLEAN,DISINFECT,COVER

The Theravada buddhist understanding of ethics : a critical appraisal of the eight-fold path of moral perfection: (Record no. 122753)

MARC details
000 -LEADER
fixed length control field 00665nam a22001577a 4500
008 - FIXED-LENGTH DATA ELEMENTS--GENERAL INFORMATION
fixed length control field 150422b xxu||||| |||| 00| 0 eng d
050 ## - LIBRARY OF CONGRESS CALL NUMBER
Classification number BR4302.R235
100 ## - MAIN ENTRY--PERSONAL NAME
Personal name Ratnasekera, Joseph Leopold.
9 (RLIN) 17489
245 ## - TITLE STATEMENT
Title The Theravada buddhist understanding of ethics : a critical appraisal of the eight-fold path of moral perfection:
Remainder of title a study in contrast with thomistic moral perspectives
Statement of responsibility, etc /by Joseph Leopold Ratnasekera
260 ## - PUBLICATION, DISTRIBUTION, ETC. (IMPRINT)
Place of publication, distribution, etc Roma
Name of publisher, distributor, etc Pontificia Universtas Urbaniana
Date of publication, distribution, etc 2006
300 ## - PHYSICAL DESCRIPTION
Extent 173p. ;
Dimensions 24cm.
500 ## - GENERAL NOTE
General note Thesis
650 ## - SUBJECT ADDED ENTRY--TOPICAL TERM
Topical term or geographic name as entry element Buddhism
General subdivision Religious life
9 (RLIN) 17490
650 ## - SUBJECT ADDED ENTRY--TOPICAL TERM
Topical term or geographic name as entry element Manual theology
9 (RLIN) 17491
General subdivision Catholic authors
942 ## - ADDED ENTRY ELEMENTS (KOHA)
Source of classification or shelving scheme Library of Congress Classification
Item type Monograph ( Printed materials)
Holdings
Withdrawn status Lost status Source of classification or shelving scheme Damaged status Not for loan Collection code Home library Current library Shelving location Date acquired Total Checkouts Full call number Barcode Date last seen Price effective from Koha item type
    Library of Congress Classification     Main Collection ARRUPE LIBRARY ARRUPE LIBRARY Main Collection 22/04/2015   BR4302.R235 46500004487 15/11/2016 22/04/2015 Monograph ( Printed materials)

 

Arrupe Library. PO Box MP320 Mt Pleasant, Harare, Zimbabwe
263 242 745411|librarian@aju.ac.zw